Statistics for U.S. Cities Bigger than their Capital

Click here to take the quiz!

General Stats

  • This quiz has been taken 90 times
    (69 since last reset)
  • The average score is 70 of 145

Answer Stats

State Times Bigger City State Capital % Correct
3xSan DiegoSacramento
98%
2xSan FranciscoSacramento
98%
2.5xMiamiTallahassee
98%
Illinois23xChicagoSpringfield
97%
California8xLos AngelesSacramento
97%
Alaska9xAnchorageJuneau
95%
2xSan JoseSacramento
94%
<1.5xKansas CityTopeka
94%
2.xTampaTallahassee
94%
1.5xOrlandoTallahassee
94%
Florida4.5xJacksonvilleTallahassee
92%
Louisiana1.5xNew OrleansBaton Rouge
90%
Pennsylvania32xPhiladelphiaHarrisburg
89%
Nevada11xLas VegasCarson City
89%
New York87xNew York CityAlbany
85%
Alabama<1.5xBirminghamMontgomery
85%
Washington14xSeattleOlympia
85%
Maine4xPortlandAugusta
84%
Michigan6xDetroitLansing
84%
Texas2.5xHoustonAustin
84%
North Carolina2xCharlotteRaleigh
82%
1.5xDallasAustin
82%
7.5xSt. LouisJefferson City
81%
6xPittsburghHarrisburg
81%
Maryland16xBaltimoreAnnapolis
81%
1.5xSan AntonioAustin
81%
New Mexico6.5xAlbuquerqueSanta Fe
79%
Kentucky22xLouisvilleFrankfort
79%
New Jersey3.5xNewarkTrenton
79%
4.5xRenoCarson City
79%
Kansas3xWichitaTopeka
77%
Minnesota1.5xMinneapolisSt. Paul
77%
Tennessee<1.5xMemphisNashville
76%
<1.5xFresnoSacramento
74%
Nebraska1.5xOmahaLincoln
74%
2.5xBuffaloAlbany
74%
Delaware2xWilmingtonDover
74%
3xJersey CityTrenton
73%
Wisconsin2.5xMilwaukeeMadison
73%
South Dakota12xSioux FallsPierre
71%
1.5xGrand RapidsLansing
71%
North Dakota1.5xFargoBismarck
71%
Montana3.5xBillingsHelena
68%
11xLexingtonFrankfort
68%
Connecticut<1.5xBridgeportHartford
68%
Virginia2xVirginia BeachRichmond
68%
<1.5xNew HavenHartford
68%
2xRochesterAlbany
65%
1.5xSyracuseAlbany
65%
Vermont5.5xBurlingtonMontpelier
63%
1.5xSt. PetersJefferson City
63%
New Hampshire2.5xManchesterConcord
61%
4.5xNorth Las VegasCarson City
61%
1.5St. PetersburgTallahassee
61%
4.5xSpokaneOlympia
60%
2xErieHarrisburg
60%
<1.5xNorfolkRichmond
58%
4xTacomaOlympia
58%
<1.5xAnn ArborLansing
56%
2xAuroraSpringfield
55%
2xYonkersAlbany
55%
<1.5xHendersonFrankfort
55%
4xSpringfieldJefferson City
53%
2.5xMissoulaHelena
53%
<1.5xLas CrucesSanta Fe
52%
2xBangorAugusta
52%
1.5xScrantonHarrisburg
50%
<1.5xStamfordHartford
50%
2.5xAllentownHarrisburg
48%
3.5xVancouverOlympia
48%
5.5xRapid CityPierre
47%
1.5xJolietSpringfield
45%
1.5xOverland ParkTopeka
42%
<1.5xHialeahTallahassee
42%
3xBellevueOlympia
42%
1.5xRockfordSpringfield
42%
1.5xElizabethTrenton
42%
2.5xBowling GreenFrankfort
40%
2xNashuaConcord
40%
1.5xNapervilleSpringfield
40%
1.5xBozemanHelena
40%
<1.5xChesapeakeRichmond
40%
2xGreat FallsHelena
37%
<1.5xButte-Silver BowHelena
37%
2.5xIndependenceJefferson City
35%
2.5xKentOlympia
35%
<1.5xWarrenLansing
34%
2xReadingHarrisburg
34%
3xColumbiaJefferson City
34%
1.5xBellinghamOlympia
32%
2xYakimaOlympia
32%
2xPatersonTrenton
31%
<1.5xLancasterHarrisburg
29%
2xLewistonAugusta
29%
2xEverettOlympia
29%
<1.5xSterling HeightsLansing
27%
<1.5xJoplinJefferson City
27%
<1.5xOlatheTopeka
24%
<1,5xRedmondOlympia
24%
1.5xSouth PortlandAugusta
24%
2xFrederickAnnapolis
24%
1.5xCovingtonFrankfort
23%
2xAberdeenPierre
21%
2xSt. JosephJefferson City
21%
1.5xSparksCarson City
21%
<1.5xRio RanchoSanta Fe
21%
1.5xKennewickOlympia
19%
2xSpokane ValleyOlympia
19%
2xLee's SummitJefferson City
19%
2xOwensboroFrankfort
18%
<1.5xRichlandOlympia
18%
2xFederal WayOlympia
18%
2xRentonOlympia
18%
1.5xSt. CharlesJefferson City
18%
<1.5xHagerstownAnnapolis
16%
1.5xKirklandOlympia
16%
1.5xAuburnAugusta
16%
2xO'FallonJefferson City
15%
1.5xBethlehemHarrisburg
15%
1.5xGaithersburgAnnapolis
15%
1.5xRockvilleAnnapolis
13%
1.5xPascoOlympia
13%
<1.5xRichmondFrankfort
11%
<1.5xCliftonTrenton
11%
<1.5xChesterfieldJefferson City
11%
1.5xMarysvilleOlympia
11%
<1.5xFlorenceFrankfort
10%
1.5xBowieAnnapolis
10%
<1,5xBiddefordAugusta
10%
<1.5xHopkinsvilleFrankfort
8%
1.5xWatertownPierre
8%
<1.5xGeorgetownFrankfort
8%
<1.5xLakewoodOlympia
8%
1.5xBlue SpringsJefferson City
8%
<1.5xShorelineOlympia
6%
<1.5xFlorissantJefferson City
6%
<1.5xBurienOlympia
6%
1.5xBrookingsPierre
5%
<1.5xElizabethtownFrankfort
5%
<1.5xSammamishOlympia
5%
<1.5xNicholasvilleFrankfort
3%

Score Distribution

Percentile by Number Answered

Percent of People with Each Score

Your Score History

You have not taken this quiz since the last reset